Normal view
MARC view
Entry Topical Term
001 - CONTROL NUMBER
- control field: 55009
003 - CONTROL NUMBER IDENTIFIER
- control field: OSt
005 - DATE AND TIME OF LATEST TRANSACTION
- control field: 20241010143301.0
008 - FIXED-LENGTH DATA ELEMENTS
- fixed length control field: 241010|| aca||aabn | a|a d
040 ## - CATALOGING SOURCE
- Original cataloging agency: OSt
- Transcribing agency: OSt
150 ## - HEADING--TOPICAL TERM
- Topical term or geographic name entry element: ဇင်းကျိုက်ဆံတော်ရှင်ဘုရား
- Form subdivision: သမိုင်း
670 ## - SOURCE DATA FOUND
- Source citation: Work cat.: (OSt): စေတနာ၊ မောင်။ 17382, မွန်ပြည်နယ် ပေါင်မြို့နယ် ဆကေသ မဟာဓာတုဝင် ဇင်းကျိုက်ဆံတော်ရှင် ဘုရားသမိုင်း /, ၁၉၉၆။